000 00321nam a22001337a 4500
008 181012b xxu||||| |||| 00| 0 eng d
020 _a9781605475752
041 _aeng
080 _28th
_a616.8
100 _a7
101 _aNEU
245 _aSamuels's Manual of Neurologic Therapeutics
_cSamuels,M.A
942 _2udc
_cBK
999 _c49547
_d49547